| 000 | 00443 a2200145 4500 | ||
|---|---|---|---|
| 020 | _a047134852X (cloth : alk. paper) | ||
| 082 | _a579.176 CHA | ||
| 100 | _aChapelle, Frank. | ||
| 245 |
_aGround-water microbiology and geochemistry / _cFrancis H. Chapelle. |
||
| 250 | _a2nd ed. | ||
| 260 |
_aNew York, N.Y. : _bWiley, _c2001. |
||
| 300 |
_axvii, 477 p. : _bill. ; _c26 cm. |
||
| 650 |
_aGroundwater _xMicrobiology. |
||
| 650 | _aGeomicrobiology. | ||
| 650 | _aGeochemistry. | ||
| 999 |
_c698 _d698 |
||